Treatment of fish processing plant wastewater /

保存先:
書誌詳細
第一著者: Claggett, F. G.
その他の著者: Wong, J.
フォーマット: 図書
言語:English
出版事項: Ottawa : Fisheries and Marine Service, Dept. of the Environment, 1974.
シリーズ:Bulletin (Fisheries Research Board of Canada) ; 189.
主題:
LEADER 01000nam a2200253 i 4500
001 c000308176
003 CARM
005 00000000000000.0
008 840316s1974 xxc 0 eng d
019 1 |a 4926885  |5 LACONCORD2021 
035 |a (OCoLC)1316557  |5 LACONCORD2021 
082 0 4 |a 658.567 
100 1 |a Claggett, F. G. 
245 1 0 |a Treatment of fish processing plant wastewater /  |c F.G. Claggett [and] J. Wong. 
260 |a Ottawa :  |b Fisheries and Marine Service, Dept. of the Environment,  |c 1974. 
300 |a 18 p. :  |b ill. 
490 0 |a Canada. Fisheries Research Board. Bulletin ;  |v 189 
650 0 |a Fisheries  |x Waste disposal. 
650 0 |a Water reuse  |z Canada. 
700 1 |a Wong, J. 
830 0 |a Bulletin (Fisheries Research Board of Canada) ;  |v 189. 
852 8 |b CARM  |h A1:AR29C0  |i C11071  |p 0508523  |f BK 
999 f f |i bb6a7916-b9e0-5bed-97a2-e7f596a109eb  |s 7af253af-0282-54f9-bb8d-b426c949044a 
952 f f |p Can circulate  |a CAVAL  |b CAVAL  |c CAVAL  |d CARM 1 Store  |e C11071  |f A1:AR29C0  |h Other scheme  |i book  |m 0508523